| 000 | 00438nam a2200133Ia 4500 | ||
|---|---|---|---|
| 008 | 191014s9999 xx 000 0 und d | ||
| 020 | _a981-02-4083-x | ||
| 082 |
_a530 _bSET |
||
| 100 |
_aRichard Seto _920543 |
||
| 245 | 0 | _aHeavy Ion Physics from Bevalac to RHIC Proceeding of the Relativistic Heavy Lon Symposium APS Centennial Meeting 99 | |
| 260 |
_aSingapore _bWorld Scientific Company _c1999 |
||
| 300 | _aX,322 | ||
| 942 |
_cBK _2ddc |
||
| 999 |
_c531135 _d531135 |
||